=LDR 00000nam 2200000 4500 =001 INLIS000000000002601 =005 20130612090926 =008 ***********************************Ind** =035 ##$$0010-061300000002601 =041 ##$$a Ind =082 ##$$a 616.858 =090 ##$$a 616.858, Kel t =100 ##$$a Keliat, Budi Anna =245 ##$$a Tingkah laku bunuh diri, Budi Anna Keliat; Editor, Rianti Bhaktiyani =260 ##$$a 1994 $b Jakarta =300 ##$$a 35 hlm, 19 cm =650 ##$$a Bunuh Diri (Psikiatri) =700 ##$$a Bhaktiyani, Rianti =850 ##$$a NBPNMAT